| 000 | 00423cam a2200169ua 4500 | ||
|---|---|---|---|
| 020 | _c1.75 | ||
| 041 |
_amal _h |
||
| 082 |
_a894.8122 _bTHO/CR |
||
| 100 | _aThomas, C.J . | ||
| 245 |
_a1128 il crime 27 / _cC.J.Thomas. _hTextual Documents |
||
| 260 |
_aKottayam : _bSahitya Pravarthaka Co-operative Society , _c1967. |
||
| 300 | _a115 ; . | ||
| 365 | _a1.75 | ||
| 504 | _a | ||
| 942 | _cBK | ||
| 999 |
_c11350 _d11350 |
||